| 000 | 00852nam0a22002651 4500 | ||
|---|---|---|---|
| 001 | RU\INFOCOMM_322\NLR\5000101745 | ||
| 005 | 20260406125518.0 | ||
| 035 | _a(NLR Aleph) 009462355 | ||
| 090 |
_a8474893 _c8474893 |
||
| 100 | _a20121211d1952 |||y0rusy50 ca | ||
| 101 | 0 | _aeng | |
| 102 | _aRU | ||
| 105 | _ay z ||||| | ||
| 200 | 1 | _aÂThe ÂKorean question (speeches and documents) at 7th Session of UNO, in October, November and December, 1952 | |
| 210 |
_a[M. _d1952] |
||
| 215 |
_a47 Ñ. _d29 Ñм |
||
| 300 | _a"Special supplement to "Soviet weekly" | ||
| 422 | 0 |
_12001#$aSoviet weekly _tSoviet weekly |
|
| 620 | _aÐоÑква | ||
| 712 | 0 | 2 |
_4570 _8eng _aUnited Nations _bGeneral assembly _7ba _3RU\NLR\AUTH\8818803 _9310888 |
| 801 | 1 |
_aRU _bNLR _c20121211 |
|
| 801 | 0 |
_aRU _bINFOCOMM _gPSBO |
|
| 852 |
_aNLR _jÐ25 Ð-8/47 |
||
| 942 | _cBOOK | ||
| 980 | _aNB | ||